000 00696nam a2200217 a 4500
005 20140310183605.0
008 120623s19uu xx 00 eng d
020 _a9780415593243
050 _aKD 1554
_b.R43 2011
100 _aReddy, Jothi
245 _aCommercial law :
_b2011-2012 /
_cJo Reddy and Howard Johnson.
260 _aNew York, Unitede States :
_bRoutledge,
_c2011.
300 _a263 p. :
_c24 cm.
440 _aRoutledge Revision: Question & Answers
500 _aIncludes bibliographical references and index
521 _aBSBA
650 _aCommercial law
_xEngland
_xExaminations, questions, etc.
700 _aJohnson, Howard
942 _cBK
_2lcc
_kFOR
999 _c25148
_d25148